000 00526nam a2200217 i 4500
001 74535
003 BD-RjUL
005 20211209082551.0
008 181022s1937 ii ||||| |||| 001 0 eng d
035 _a(BD-RjUL)
040 _aBD-RjUL
_beng
_cBD-RjUL
041 _aeng
082 _a954.0225
_bELH 1937
_223
100 1 _4Elliot, H.M.
245 1 0 _aHistory of Ghazni /
_cH.M. Elliot
264 _aIndia ;
300 _a182 p. ;
_c18 cm
500 _aIncludes Index
650 _aHistory
_zIndia
_9224038
942 _2ddc
_cBK
999 _c74535
_d74535